Η εικονογραφημένη ιστορία της αρχαίας Ελλάδας του Κεϊμπριτζ
Saved in:
| Main Author: | |
|---|---|
| Other Authors: | |
| Format: | Book |
| Language: | Greek English |
| Published: |
Αθήνα :
Ζαχαρόπουλος ;
2004.
|
| Series: | Αρχαίος ελληνικός πολιτισμός (Ζαχαρόπουλος)
; 5 |
| Subjects: | |
| Tags: |
Add Tag
No Tags, Be the first to tag this record!
|
MARC
| LEADER | 00000cam a2200000 a 4500 | ||
|---|---|---|---|
| 001 | 1/123216 | ||
| 008 | 210617s2004####gr ab||||| |||| ||gre|| | ||
| 020 | |a 9602086998 | ||
| 040 | |a GR-MyUa |b gre |c GR-MyUa |e AACR2 | ||
| 041 | 1 | |a gre |h eng | |
| 082 | 7 | |a 938.1 |2 (23) | |
| 100 | 1 | |a Cartledge, Paul. | |
| 245 | 1 | 2 | |a Η εικονογραφημένη ιστορία της αρχαίας Ελλάδας του Κεϊμπριτζ / |c από τον Πολ Κάρτλετζ ; μετάφραση Βίκυ Κυριαζή. |
| 246 | 1 | |i Τίτλος εξωφύλλου: |a Κεϊμπριτζ : η εικονογραφημένη ιστορία της αρχαίας Ελλάδας | |
| 260 | |a Αθήνα : |b Ζαχαρόπουλος ; |c 2004. | ||
| 300 | |a 388 σ. : |b εικ., χάρτης ; |c 25 εκ. | ||
| 490 | 1 | |a (Αρχαίος ελληνικός πολιτισμός ; |v 5) | |
| 500 | |a Μετάφραση του: The Cambridge illustrated history of ancient Greece. | ||
| 504 | |a Περιλαμβάνει βιβλιογραφικές σημειώσεις (σ.[377] - 380) και ευρετήριο. | ||
| 651 | 0 | |a Greece |x History. | |
| 651 | 0 | |a Greece |x Civilization. | |
| 700 | 1 | |a Κυριαζή, Βίκυ, |e trlf | |
| 830 | 0 | |a Αρχαίος ελληνικός πολιτισμός (Ζαχαρόπουλος) |v ; 5 | |
| 852 | |a INST |b LESVOS |c EUDOXUS |e 20210617 |h 938.1 CAR |p 005100063173 |q 005100063173 |t EDX |y 0 | ||
| 920 | |a Εύδοξος |b Παραγγελία |y Λέσβος-ΤΚΑΙ |z 2021-06 | ||
| 970 | |a Καμάτσου |b Δέσποινα |z 17-06-2021 | ||